000 00707nam a2200133Ia 4500
008 171212s9999 xx 000 0 und d
020 _a9781760460440
100 _aMartín, Mario Daniel;Jansen, Louise;Beckmann, Elizabeth
245 _cMartín, Mario Daniel;Jansen, Louise;Beckmann, Elizabeth
_aThe Doubters' Dilemma
_bExploring student attrition and retention in university language and culture programs
260 _bANU E Press
_c2016
650 _aEducation
650 _aEducational evaluation -- Australia; College student development programs; Universities and colleges -- Sociological aspects; Language and culture -- Study and teaching -- Australia
856 _uhttp://jstor.org/stable/j.ctt1rqc98q
999 _c351356
_d351356